| 000 | 01237nam a2200313 ia4500 | ||
|---|---|---|---|
| 003 | OSt | ||
| 005 | 20260521151845.0 | ||
| 008 | 260521t20252025nyuoab br 001 0 eng d | ||
| 020 |
_a9781510559172 _cRM137.50 _qhardback |
||
| 040 |
_aPPAK _beng _cPPAK _erda |
||
| 082 | 0 | 4 |
_223 _a538 |
| 090 | 0 | 0 |
_a538 _bBEA _dK |
| 100 | 1 |
_aBeaucage, Adrienne, _eauthor. |
|
| 245 | 1 | 0 |
_aUsing a Magnet / _cAdrienne Beaucage |
| 264 | 1 |
_aNew York : _bLightbox Learning Inc., _c[2025?] |
|
| 264 | 4 | _c©2025 | |
| 300 |
_a24 pages : _bcolour photographs, colour illustrations, colour maps ; _c26 cm |
||
| 336 |
_atext _2rdacontent |
||
| 337 |
_aunmediated _2rdamedia |
||
| 338 |
_avolume _2rdacarrier |
||
| 490 | 1 | _aSUPER SCIENCE TOOLS | |
| 500 | _aIncludes index. | ||
| 520 | _aA magnet is a rock or piece of metal that creates a magnetic field. This is an invisible field that causes magnets to pull certain types of metal toward themselves. Discover more in Using a Magnet, part of the Super Science Tools series. | ||
| 650 | 1 | 0 |
_aMagnetism _vJuvenile literature |
| 650 | 2 | 0 |
_aMagnets _vJuvenile literature |
| 650 | 2 | 0 |
_aPhysical science _vJuvenile literature |
| 830 | 0 | _aSuper Science tools | |
| 942 |
_2ddc _cB |
||
| 999 |
_c204405 _d204405 |
||